| 000 | 01133nam a2200289 4500 | ||
|---|---|---|---|
| 999 |
_c17809 _d17781 |
||
| 003 | EG-ScBUE | ||
| 005 | 20210525101955.0 | ||
| 008 | 131209t2010 ua f 000 h ara d | ||
| 020 | _a9789773991529 | ||
| 040 |
_aEG-ScBUE _bara _erda _cEG-ScBUE _dEG-ScBUE |
||
| 082 | 0 | 4 |
_a892.78702 _bط ا هـ _222 |
| 100 | 1 |
_aطاهر، عمر، _eمؤلف. _934589 |
|
| 245 | 1 | 0 |
_aبرما يقابل ريا وسكينة : _bألبوم اجتماعي غامض / _cعمر طاهر. |
| 246 | 3 | 4 |
_aبرما يقابل ريا وسكينة : _bألبوم اجتماعي غامض |
| 250 | _aالطبعة الثانية. | ||
| 264 | 1 |
_aالقاهرة : _bأطلس للنشر والانتاج الإعلامي / _c2010. |
|
| 300 |
_a216 صفحة ؛ _c19 سم |
||
| 336 |
_2rdacontent _aنص _btxt |
||
| 337 |
_2rdamedia _aبدون وسيط _bn |
||
| 338 |
_2rdacarrier _aمجلد _bnc |
||
| 590 | _aBook for the road program. | ||
| 650 | 7 |
_934609 _aالأهاجي والفكاهات العربية _zمصر _yقرن 21. _2BUEsh |
|
| 651 | _2BUEsh | ||
| 653 |
_cDecember2013 _bARALIT |
||
| 655 |
_vReading book _934232 |
||
| 942 |
_2ddc _cBB _k817 ط ا هـ |
||